Restriktiver Täterbegriff und fahrlässige Beteiligung

Saved in:  
Bibliographic Details
Main Author: Renzikowski, Joachim 1961- (Author)
Format: Print Book
Language:German
Published: Tübingen Mohr Siebeck 1997
In: Tübinger rechtswissenschaftliche Abhandlungen (85)
Year: 1997
Online Access: Table of Contents
Availability in Tübingen:Present in Tübingen.
IFK: F II 294
Check availability: HBZ Gateway
Subito Delivery Service: Order now.
Keywords:

MARC

LEADER 00000cam a2200000 c 4500
001 234486961
003 DE-627
005 20260206201815.0
007 tu
008 970919s1997 gw ||||| m 00| ||ger c
015 |a 97,N40,0337  |2 dnb 
015 |a 98,A01,0445  |2 dnb 
016 7 |a 951376837  |2 DE-101 
020 |a 3161468295  |c  : DM 168.00, sfr 143.00, S 776.00 (Gewebe)  |9 3-16-146829-5 
035 |a (DE-627)234486961 
035 |a (DE-603)054443970 
035 |a (DE-576)061828122 
035 |a (DE-599)DNB951376837 
035 |a (OCoLC)231707102 
035 |a (OCoLC)39242297 
040 |a DE-627  |b ger  |c DE-627  |e rakwb 
041 |a ger 
044 |c XA-DE 
084 |a 19  |2 sdnb 
084 |a PH 3160  |2 rvk  |0 (DE-625)rvk/136034: 
084 |a PH 3070  |2 rvk  |0 (DE-625)rvk/136022: 
084 |a 86.34  |2 bkl 
090 |a a 
100 1 |a Renzikowski, Joachim  |d 1961-  |0 (DE-588)172781035  |0 (DE-627)673815994  |0 (DE-576)172869366  |4 aut 
109 |a Renzikowski, Joachim 1961- 
245 1 0 |a Restriktiver Täterbegriff und fahrlässige Beteiligung  |c Joachim Renzikowski 
263 |a Gewebe : DM 168.00, sfr 143.00, S 776.00 
264 1 |a Tübingen  |b Mohr Siebeck  |c 1997 
300 |a XIV, 330 S. 
336 |a Text  |b txt  |2 rdacontent 
337 |a ohne Hilfsmittel zu benutzen  |b n  |2 rdamedia 
338 |a Band  |b nc  |2 rdacarrier 
490 1 |a Tübinger rechtswissenschaftliche Abhandlungen  |v 85 
500 |a Literaturverz. S. [302] - 324 
502 |a Zugl.: Tübingen, Univ., Habil.-Schr., 1996-1997 
583 1 |a Archivierung/Langzeitarchivierung gewährleistet  |f PEBW  |x XA-DE-BW  |2 pdager  |5 DE-24 
583 1 |a Archivierung prüfen  |c 20240324  |f DE-4165  |z 3  |2 pdager 
655 7 |a Hochschulschrift  |0 (DE-588)4113937-9  |0 (DE-627)105825778  |0 (DE-576)209480580  |2 gnd-content 
689 0 0 |d s  |0 (DE-588)4184327-7  |0 (DE-627)105295922  |0 (DE-576)210024925  |a Täterschaft  |2 gnd 
689 0 1 |d s  |0 (DE-588)4059331-9  |0 (DE-627)106143832  |0 (DE-576)209130407  |a Teilnahme  |2 gnd 
689 0 2 |d s  |0 (DE-588)4336721-5  |0 (DE-627)151946515  |0 (DE-576)211371939  |a Strafrechtsdogmatik  |2 gnd 
689 0 |5 DE-101 
689 1 0 |d s  |0 (DE-588)4191768-6  |0 (DE-627)104674121  |0 (DE-576)210075880  |a Vorsatzdelikt  |2 gnd 
689 1 1 |d s  |0 (DE-588)4140298-4  |0 (DE-627)105628883  |0 (DE-576)209701617  |a Fahrlässigkeitsdelikt  |2 gnd 
689 1 |5 (DE-627) 
751 |a Tübingen  |0 (DE-588)4061147-4  |0 (DE-627)106136933  |0 (DE-576)209138351  |4 uvp 
830 0 |a Tübinger rechtswissenschaftliche Abhandlungen  |v 85  |9 85  |w (DE-627)130095028  |w (DE-576)015627640  |w (DE-600)501041-X  |x 0082-6731  |7 am 
856 4 2 |u http://www.gbv.de/dms/spk/sbb/toc/271863684.pdf  |m V:DE-601  |m B:DE-1  |q pdf/application  |x Verlag  |y Inhaltsverzeichnis  |3 Inhaltsverzeichnis  |7 1 
889 |w (DE-627)271863684 
935 |i sf 
935 |i Blocktest 
935 |h HEB  |i 0501 
935 |h HEB  |i 0503 
936 r v |a PH 3160  |b Täterschaft und Teilnahme  |k Rechtswissenschaft  |k Strafrecht, Strafverfahrensrecht, Kriminologie  |k Strafrecht  |k Besondere Strafbarkeitsvoraussetzungen; Konkurrenzen  |k Täterschaft und Teilnahme  |0 (DE-627)1271956144  |0 (DE-625)rvk/136034:  |0 (DE-576)201956144 
936 r v |a PH 3070  |b Vorsatz und Fahrlässigkeit  |k Rechtswissenschaft  |k Strafrecht, Strafverfahrensrecht, Kriminologie  |k Strafrecht  |k Tatbestandsmässigkeit  |k Vorsatz und Fahrlässigkeit  |0 (DE-627)1271739895  |0 (DE-625)rvk/136022:  |0 (DE-576)201739895 
936 b k |a 86.34  |j Strafrecht: Allgemeiner Teil  |0 (DE-627)10641674X 
936 s n |a p100  |2 mzub 
951 |a BO 
ELC |b 1 
LOK |0 000 xxxxxcx a22 zn 4500 
LOK |0 001 3210910219 
LOK |0 003 DE-627 
LOK |0 004 234486961 
LOK |0 005 20100526090219 
LOK |0 008 100526||||||||||||||||ger||||||| 
LOK |0 040   |a DE-21-110  |c DE-627  |d DE-21-110 
LOK |0 541   |e 10/294 
LOK |0 689   |a s  |a Täterbegriff 
LOK |0 689   |a s  |a Täterschaft 
LOK |0 689   |a s  |a Fahrlässigkeit 
LOK |0 689   |a s  |a Teilnahme 
LOK |0 689   |a s  |a Straftat 
LOK |0 689   |a s  |a Theorien 
LOK |0 852   |a DE-21-110 
LOK |0 852 1  |c F II 294  |m p  |9 00 
LOK |0 936ln  |a 5.7 
LOK |0 938   |a 1005 
LOK |0 938   |k p 
LOK |0 939   |a 26-05-10  |b l01 
ORI |a SA-MARC-krimdoka001.raw 
SIG |a IFK: F II 294